All Cities Between 1 to 2 Million Population - Statistics

General Stats
  • This quiz has been taken 86 times
  • The average score is 124 of 313
Answers on the Map
Answers color-coded by a green-red scale on the quiz's map according to % correct below.
 
Answer Stats
Population Country First Letter City % Correct
1,220,000 Norway O Oslo
84%
1,420,000 Ireland D Dublin
83%
1,990,000 Puerto Rico S San Juan
83%
1,010,000 United States H Honolulu
82%
1,450,000 Bulgaria S Sofia
82%
1,690,000 United Kingdom G Glasgow
80%
1,030,000 Israel J Jerusalem
80%
1,550,000 Portugal P Porto
80%
1,300,000 Spain S Seville
80%
1,330,000 Libya T Tripoli
80%
1,470,000 New Zealand A Auckland
79%
1,500,000 Finland H Helsinki
79%
1,660,000 United Arab Emirates A Abu Dhabi
78%
1,430,000 Serbia B Belgrade
78%
1,750,000 Denmark C Copenhagen
78%
1,470,000 Czech Republic P Prague
78%
1,600,000 Italy T Turin
78%
1,820,000 Lebanon B Beirut
76%
1,520,000 Canada C Calgary
76%
1,370,000 Canada E Edmonton
76%
1,880,000 United Kingdom L Liverpool
76%
1,690,000 France M Marseille
76%
1,110,000 Ukraine O Odessa
76%
1,880,000 Spain V Valencia
76%
1,470,000 Switzerland Z Zurich
76%
1,380,000 Australia A Adelaide
75%
1,230,000 Belgium A Antwerp
75%
1,530,000 United States J Jacksonville
74%
1,870,000 Uruguay M Montevideo
74%
1,380,000 Georgia T Tbilisi
74%
1,470,000 Mongolia U Ulaanbaatar
74%
1,120,000 France B Bordeaux
72%
1,500,000 United Kingdom N Newcastle
72%
1,010,000 United States N New Orleans
72%
1,300,000 Canada O Ottawa
72%
1,170,000 United States O Oklahoma City
71%
1,590,000 Panama P Panama City
71%
1,510,000 Armenia Y Yerevan
71%
1,310,000 Morocco F Fes
70%
1,930,000 Sierra Leone F Freetown
70%
1,620,000 Ukraine K Kharkiv
70%
1,520,000 Bahrain M Manama
70%
1,230,000 Kazakhstan A Nur-Sultan
70%
1,100,000 France T Toulouse
70%
1,260,000 Central African Republic B Bangui
68%
1,430,000 Ukraine D Donetsk
68%
1,050,000 United States E El Paso
68%
1,310,000 France L Lille
68%
1,640,000 Saudi Arabia M Medina
68%
1,710,000 Liberia M Monrovia
68%
1,690,000 Argentina C Cordoba
67%
1,070,000 Spain M Malaga
67%
1,140,000 Morocco M Marrakech
67%
1,540,000 United States M Milwaukee
67%
1,400,000 Oman M Muscat
67%
1,130,000 Russia O Omsk
67%
1,300,000 Russia R Rostov-on-Don
67%
1,480,000 Turkmenistan A Ashgabat
66%
1,790,000 United States C Columbus
66%
1,360,000 Ukraine D Dnipro
66%
1,870,000 Japan H Hiroshima
66%
1,410,000 South Africa P Port Elizabeth
66%
1,570,000 United Kingdom S Sheffield
66%
1,160,000 United Kingdom S Southampton
66%
1,140,000 Kyrgyzstan B Bishkek
64%
1,380,000 United States B Buffalo
64%
1,000,000 Mexico C Cancun
64%
1,140,000 Germany H Hannover
64%
1,120,000 Malawi L Lilongwe
64%
1,550,000 United States N Nashville
64%
1,200,000 Germany N Nuremberg
64%
1,910,000 El Salvador S San Salvador
64%
1,170,000 Morocco T Tangier
64%
1,670,000 Russia Y Yekaterinburg
64%
1,980,000 Syria A Aleppo
63%
1,050,000 Gambia B Banjul
63%
1,000,000 Germany B Bremen
63%
1,280,000 Rwanda K Kigali
63%
1,380,000 Nicaragua M Managua
63%
1,680,000 Chad N N'Djamena
63%
1,390,000 Niger N Niamey
63%
1,710,000 Russia N Nizhny Novgorod
63%
1,360,000 Mauritania N Nouakchott
63%
1,090,000 United States R Richmond
63%
1,190,000 Honduras T Tegucigalpa
63%
1,000,000 United States T Tucson
63%
1,390,000 Russia V Volgograd
63%
1,390,000 Turkey A Antalya
62%
1,050,000 Tajikistan D Dushanbe
62%
1,080,000 United States L Louisville
62%
1,280,000 Kenya M Mombasa
62%
1,390,000 United Kingdom N Nottingham
62%
1,740,000 United States R Raleigh
62%
1,150,000 United States M Memphis
61%
1,540,000 Algeria O Oran
61%
1,650,000 United States V Virginia Beach
61%
1,690,000 Russia N Novosibirsk
59%
1,390,000 Argentina R Rosario
59%
1,130,000 Russia U Ufa
59%
1,260,000 Russia K Kazan
58%
1,580,000 Germany M Mannheim
58%
1,460,000 Iraq M Mosul
58%
1,950,000 Benin C Cotonou
57%
1,690,000 United States H Hartford
57%
1,740,000 Turkey G Gaziantep
55%
1,280,000 Russia S Samara
55%
1,600,000 Iraq B Basra
54%
1,740,000 Nigeria B Benin City
54%
1,440,000 Brazil N Natal
54%
1,100,000 Russia P Perm
54%
1,590,000 Philippines D Davao
53%
1,190,000 Indonesia D Denpasar
53%
1,000,000 United States F Fresno
53%
1,120,000 Argentina M Mendoza
53%
1,290,000 Mexico M Merida
53%
1,350,000 Iran Q Qom
53%
1,380,000 Russia C Chelyabinsk
51%
1,240,000 Vietnam D Da Nang
51%
1,360,000 United States H Harrisburg
51%
1,650,000 Myanmar M Mandalay
51%
1,230,000 United States M Melbourne
51%
1,140,000 United States G Greensboro
50%
1,840,000 Iran S Shiraz
50%
1,770,000 Turkey A Adana
49%
1,180,000 Colombia C Cartagena
47%
1,460,000 Brazil G Sao Luis
47%
1,290,000 United States S Stockton
47%
1,880,000 Iran T Tabriz
47%
1,040,000 Chile V Valparaiso
47%
1,050,000 Russia V Voronezh
47%
1,140,000 Iraq E Erbil‎
46%
1,360,000 Turkey K Konya
46%
1,120,000 Russia K Krasnoyarsk
46%
1,760,000 Indonesia M Makassar
46%
1,210,000 Pakistan Q Quetta
46%
1,510,000 Japan S Sendai
46%
1,250,000 Morocco A Agadir
45%
1,150,000 Peru A Arequipa
45%
1,020,000 Mexico C Chihuahua
45%
1,400,000 Bolivia C Cochabamba
45%
1,270,000 Republic of the Congo P Pointe-Noire
45%
1,540,000 Philippines A Angeles
43%
1,280,000 United States M McAllen
42%
1,190,000 Tunisia S Sousse
42%
1,180,000 Mexico A Aguascalientes
41%
1,100,000 United States C Cape Coral
41%
1,030,000 Brazil F Florianopolis
41%
1,040,000 Argentina S San Miguel de Tucuman
41%
1,070,000 Russia S Saratov
41%
1,210,000 Nigeria A Aba
39%
1,580,000 Mexico C Ciudad Juarez
39%
1,080,000 Iraq K Kirkuk
39%
1,260,000 Honduras S San Pedro Sula
39%
1,230,000 Japan N Naha
38%
1,340,000 Mexico S San Luis Potosi
38%
1,770,000 Brazil S Santos
38%
1,450,000 India A Amritsar
37%
1,440,000 Venezuela M Maracay
37%
1,720,000 Indonesia P Palembang
37%
1,590,000 Mexico Q Queretaro
37%
1,050,000 Brazil T Teresina
37%
1,770,000 Indonesia Y Yogyakarta
37%
1,300,000 Colombia B Bucaramanga
36%
1,540,000 South Korea D Daejeon
36%
1,180,000 DR Congo K Kisangani
36%
1,900,000 Brazil V Vitoria
36%
1,440,000 Iran A Ahvaz
34%
1,320,000 Venezuela B Barquisimeto
34%
1,320,000 Angola B Benguela
34%
1,440,000 Thailand C Chonburi
34%
1,150,000 Brazil J Joao Pessoa
34%
1,120,000 Turkey K Kayseri
34%
1,130,000 China L Lu'an
34%
1,110,000 Kazakhstan S Shymkent
34%
1,010,000 Burkina Faso B Bobo-Dioulasso
33%
1,570,000 India J Jodhpur
33%
1,270,000 Nigeria O Onitsha
33%
1,390,000 Mexico T Torreon
33%
1,090,000 South Korea U Ulsan
33%
1,250,000 DR Congo K Kananga
32%
1,230,000 Bangladesh K Khulna
32%
1,620,000 India K Kochi
32%
1,130,000 Brazil M Maceio
32%
1,630,000 South Korea G Gwangju
30%
1,570,000 China J Jilin
30%
1,290,000 Nigeria M Maiduguri
30%
1,510,000 India A Prayagraj
30%
1,080,000 Nigeria J Jos
29%
1,990,000 Japan K Kitakyushu
29%
1,030,000 Turkey M Mersin
29%
1,690,000 India S Srinagar
29%
1,150,000 Senegal T Touba
29%
1,080,000 Turkey D Diyarbakir
28%
1,820,000 India M Meerut
28%
1,650,000 Indonesia S Surakarta
28%
1,060,000 Nigeria W Warri
28%
1,170,000 Indonesia B Batam
26%
1,030,000 Colombia C Cucuta
26%
1,060,000 Nigeria E Enugu
26%
1,310,000 Taiwan T Tainan
26%
1,330,000 Indonesia B Bandar Lampung
25%
1,150,000 Nigeria I Ilorin
25%
1,060,000 Iran K Kermanshah
25%
1,060,000 Nigeria Z Zaria
25%
1,850,000 India M Madurai
24%
1,950,000 China X Xining
24%
1,910,000 India A Aurangabad
22%
1,390,000 India B Bareilly
22%
1,980,000 India B Bhubaneswar
22%
1,190,000 Mexico C Cuernavaca
22%
1,310,000 Japan H Hamamatsu
22%
1,280,000 India M Mysuru
22%
1,470,000 India G Gwalior
21%
1,470,000 India K Kota
21%
1,030,000 China Q Qiqihar
21%
1,060,000 Mexico S Saltillo
21%
1,320,000 India A Aligarh
20%
1,670,000 India a Asansol
20%
1,860,000 China D Datong
20%
1,170,000 India J Jalandhar
20%
1,730,000 Indonesia M Malang
20%
1,340,000 India M Moradabad
20%
1,510,000 India R Ranchi
20%
1,160,000 India S Salem
20%
1,820,000 China D Daqing
18%
1,420,000 India D Dhanbad
18%
1,640,000 China G Guilin
18%
1,540,000 India J Jabalpur
18%
1,730,000 India J Jamshedpur
18%
1,150,000 Japan K Kumamoto
18%
1,000,000 Mexico M Morelia
18%
1,080,000 Indonesia P Pekanbaru
18%
1,120,000 India S Solapur
18%
1,030,000 South Korea C Changwon
17%
1,180,000 India G Guwahati
17%
1,030,000 India K Kozhikode
17%
1,130,000 Japan S Shizuoka
17%
1,670,000 China W Wuhu
17%
1,810,000 China A Anyang
16%
1,860,000 China H Huainan
16%
1,490,000 India T Tiruppur
16%
1,250,000 India T Tiruchirappalli
14%
1,810,000 China B Bengbu
13%
1,180,000 Indonesia C Cirebon
13%
1,890,000 China H Huai'an
13%
1,180,000 India H Hubli-Dharwad
13%
1,730,000 China J Jining
13%
1,340,000 China M Maoming
13%
1,020,000 Nigeria O Osogbo
13%
1,180,000 Indonesia S Serang
13%
1,270,000 China L Luzhou
12%
1,090,000 India S Siliguri
12%
1,440,000 China T Tai'an
12%
1,110,000 China W Wanzhou
12%
1,130,000 South Korea C Cheongju
11%
1,580,000 China H Huzhou
11%
1,160,000 China J Jinzhou
11%
1,230,000 China K Kaifeng
11%
1,620,000 China Q Qinhuangdao
11%
1,060,000 India S Saharanpur
11%
1,390,000 China T Taizhou
11%
1,020,000 India W Warangal
11%
1,080,000 China B Beihai
9%
1,640,000 China C Cangnan
9%
1,180,000 China C Chifeng
9%
1,150,000 China e Ezhou
9%
1,880,000 China G Ganzhou
9%
1,200,000 China H Hengyang
9%
1,370,000 China H Heze
9%
1,280,000 China H Huaibei
9%
1,900,000 China P Pingdingshan
9%
1,340,000 China W Weihai
9%
1,380,000 China Z Zhangjiakou
9%
1,140,000 China B Baoji
8%
1,140,000 China C Changde
8%
1,010,000 China H Huludao
8%
1,010,000 China P Panjin
8%
1,330,000 China Y Yichang
8%
1,740,000 China Z Zhanjiang
8%
1,170,000 China C Changzhi
7%
1,250,000 China F Fuyang
7%
1,530,000 China J Jiaozuo
7%
1,990,000 China J Jiaxing
7%
1,420,000 China J Jinhua
7%
1,090,000 China L Lianyungang
7%
1,620,000 China M Mianyang
7%
1,300,000 China N Nanchong
7%
1,520,000 China P Puyang
7%
1,240,000 China Q Qingyuan
7%
1,180,000 China R Rizhao
7%
1,260,000 China S Suqian
7%
1,730,000 China X Xiangyang
7%
1,290,000 China X Xuchang
7%
1,150,000 China Y Yueyang
7%
1,480,000 China Y Yulin
7%
1,770,000 China Z Zunyi
7%
1,220,000 China D Dazhou
5%
1,110,000 China L Liaocheng
5%
1,510,000 China N Nanyang
5%
1,530,000 China S Shangqiu
5%
1,410,000 China S Shangrao
5%
1,080,000 China S Shaoyang
5%
1,020,000 China S Shiyan
5%
1,500,000 China X Xingtai
5%
1,070,000 China X Xinyang
5%
1,320,000 China Y Yancheng
5%
1,160,000 China Y Yibin
5%
1,740,000 China Z Zaozhuang
5%
1,200,000 China Z Zhaoqing
5%
1,210,000 China Z Zhenjiang
5%
1,210,000 Indonesia K Karawang
4%
1,020,000 China Q Qujing
4%
1,040,000 China S Shuyang
4%
No matching quizzes found
Score Distribution
Percent of People with Each Score
Percentile by Number Answered
Your Score History
You have not taken this quiz